00414nam a2200169Ia 4500008004100000041001200041082001100053100001100064245003700075365000700112520001300119546001200132630003700144650001300181655001300194730003700207101110s9999 xx 000 0 und d aENGLISH bSR1777 aGarner aPolitical Science And Government b16 aPolitics aENGLISH aPolitical Science And Government aPolitics aPolitics aPolitical Science And Government